| 000 | 00973nam a2200217 a 4500 | ||
|---|---|---|---|
| 005 | 20171111020002.0 | ||
| 008 | 160915s2013 ck abo||r|||| 00| 0 spa d | ||
| 020 | _a9789585706415 | ||
| 040 |
_aCO-BoIAVH _cCO-BoIAVH |
||
| 041 | 0 | _aspa | |
| 044 | _ack | ||
| 082 | 0 | 4 |
_a634.09861 _bI34p |
| 245 | 0 | 0 | _aImplementación de un programa de ecohuertas familiares sostenibles en el departamento del Vaupés, jurisdicción de la corporación CDA / |
| 260 |
_a[Bogotá?], Colombia : _bCDA, _c[2013?]. |
||
| 300 |
_a71 páginas : _bilustraciones, mapas y fotografías a color ; _c28 x 21 cm. |
||
| 650 | 2 | 6 |
_aHuertas para explotación _zVaupes (Departamento, Colombia) _zTaraira |
| 650 | 2 | 6 |
_aHuertas para explotación _zVaupes (Departamento, Colombia) _zCarurú |
| 650 | 2 | 6 |
_aHuertas para explotación _xApectos socioeconómicos |
| 710 | 2 | _aCorporación para el Desarrollo Sostenible del Norte y el Oriente Amazónico. CDA | |
| 942 |
_2ddc _cLIBRO _01 |
||
| 999 |
_c19029 _d19029 |
||